<?xml version="1.0" encoding="UTF-8"?>
<collection xmlns="http://www.loc.gov/MARC21/slim">
 <record>
  <leader>02277cam a2200469  a4500</leader>
  <controlfield tag="001">111620200X</controlfield>
  <controlfield tag="003">DE-627</controlfield>
  <controlfield tag="005">20240115083829.0</controlfield>
  <controlfield tag="007">tu</controlfield>
  <controlfield tag="008">950627m19941995xx |||||      00| ||ita c</controlfield>
  <datafield tag="035" ind1=" " ind2=" ">
   <subfield code="a">(DE-627)111620200X</subfield>
  </datafield>
  <datafield tag="035" ind1=" " ind2=" ">
   <subfield code="a">(DE-576)046202005</subfield>
  </datafield>
  <datafield tag="035" ind1=" " ind2=" ">
   <subfield code="a">(DE-599)BSZ046202005</subfield>
  </datafield>
  <datafield tag="040" ind1=" " ind2=" ">
   <subfield code="a">DE-627</subfield>
   <subfield code="b">ger</subfield>
   <subfield code="c">DE-627</subfield>
   <subfield code="e">rakwb</subfield>
  </datafield>
  <datafield tag="041" ind1=" " ind2=" ">
   <subfield code="a">ita</subfield>
  </datafield>
  <datafield tag="084" ind1=" " ind2=" ">
   <subfield code="a">9,10</subfield>
   <subfield code="2">ssgn</subfield>
  </datafield>
  <datafield tag="084" ind1=" " ind2=" ">
   <subfield code="a">LI 27130</subfield>
   <subfield code="2">rvk</subfield>
   <subfield code="0">(DE-625)rvk/95897:</subfield>
  </datafield>
  <datafield tag="100" ind1="1" ind2=" ">
   <subfield code="a">Ballarin, Alessandro</subfield>
   <subfield code="0">(DE-588)132050110</subfield>
   <subfield code="0">(DE-627)517299399</subfield>
   <subfield code="0">(DE-576)29891543X</subfield>
   <subfield code="4">aut</subfield>
  </datafield>
  <datafield tag="245" ind1="1" ind2="0">
   <subfield code="a">Dosso Dossi</subfield>
   <subfield code="b">la pittura a Ferrara negli anni del Ducato di Alfonso I</subfield>
   <subfield code="c">Alessandro Ballarin. Regesti e app. di catalogo a cura di Alessandra Pattanaro ...</subfield>
  </datafield>
  <datafield tag="264" ind1=" " ind2="1">
   <subfield code="a">Cittadella</subfield>
   <subfield code="b">Bertoncello</subfield>
   <subfield code="c">1994-1995</subfield>
  </datafield>
  <datafield tag="336" ind1=" " ind2=" ">
   <subfield code="a">Text</subfield>
   <subfield code="b">txt</subfield>
   <subfield code="2">rdacontent</subfield>
  </datafield>
  <datafield tag="337" ind1=" " ind2=" ">
   <subfield code="a">ohne Hilfsmittel zu benutzen</subfield>
   <subfield code="b">n</subfield>
   <subfield code="2">rdamedia</subfield>
  </datafield>
  <datafield tag="338" ind1=" " ind2=" ">
   <subfield code="a">Band</subfield>
   <subfield code="b">nc</subfield>
   <subfield code="2">rdacarrier</subfield>
  </datafield>
  <datafield tag="490" ind1="0" ind2=" ">
   <subfield code="a">Pittura del rinascimento nell'Italia settentrionale</subfield>
   <subfield code="v">1</subfield>
  </datafield>
  <datafield tag="655" ind1=" " ind2="7">
   <subfield code="a">Werkverzeichnis</subfield>
   <subfield code="0">(DE-588)4189680-4</subfield>
   <subfield code="0">(DE-627)104464909</subfield>
   <subfield code="0">(DE-576)210061456</subfield>
   <subfield code="2">gnd-content</subfield>
  </datafield>
  <datafield tag="689" ind1="0" ind2="0">
   <subfield code="d">p</subfield>
   <subfield code="0">(DE-588)118973436</subfield>
   <subfield code="0">(DE-627)079753841</subfield>
   <subfield code="0">(DE-576)210573392</subfield>
   <subfield code="a">Dossi, Dosso</subfield>
   <subfield code="d">1490-1542</subfield>
   <subfield code="2">gnd</subfield>
  </datafield>
  <datafield tag="689" ind1="0" ind2=" ">
   <subfield code="5">(DE-627)</subfield>
  </datafield>
  <datafield tag="689" ind1="1" ind2="0">
   <subfield code="d">g</subfield>
   <subfield code="0">(DE-588)4092153-0</subfield>
   <subfield code="0">(DE-627)106004026</subfield>
   <subfield code="0">(DE-576)20928756X</subfield>
   <subfield code="a">Ferrara</subfield>
   <subfield code="2">gnd</subfield>
  </datafield>
  <datafield tag="689" ind1="1" ind2="1">
   <subfield code="d">s</subfield>
   <subfield code="0">(DE-588)4037220-0</subfield>
   <subfield code="0">(DE-627)10623871X</subfield>
   <subfield code="0">(DE-576)209022892</subfield>
   <subfield code="a">Malerei</subfield>
   <subfield code="2">gnd</subfield>
  </datafield>
  <datafield tag="689" ind1="1" ind2="2">
   <subfield code="a">z</subfield>
   <subfield code="2">gnd</subfield>
   <subfield code="a">Geschichte 1497-1548</subfield>
  </datafield>
  <datafield tag="689" ind1="1" ind2=" ">
   <subfield code="5">(DE-627)</subfield>
  </datafield>
  <datafield tag="700" ind1="1" ind2=" ">
   <subfield code="a">Dossi, Dosso</subfield>
   <subfield code="d">1490-1542</subfield>
   <subfield code="0">(DE-588)118973436</subfield>
   <subfield code="0">(DE-627)079753841</subfield>
   <subfield code="0">(DE-576)210573392</subfield>
   <subfield code="4">aut</subfield>
  </datafield>
  <datafield tag="700" ind1="1" ind2=" ">
   <subfield code="a">Pattanaro, Alessandra</subfield>
   <subfield code="e">Hrsg.</subfield>
   <subfield code="4">edt</subfield>
  </datafield>
  <datafield tag="787" ind1="0" ind2="8">
   <subfield code="i">Rezension</subfield>
   <subfield code="a">Nova, Alessandro, 1954 - </subfield>
   <subfield code="t">Schriften von Alessandro Nova ; 17b: Ballarin, Alessandro, Dosso Dossi</subfield>
   <subfield code="d">Heidelberg : Univ.-Bibl., 1997</subfield>
   <subfield code="h">Online-Ressource</subfield>
   <subfield code="w">(DE-627)1380827949</subfield>
   <subfield code="w">(DE-576)310827949</subfield>
  </datafield>
  <datafield tag="936" ind1="r" ind2="v">
   <subfield code="a">LI 27130</subfield>
   <subfield code="b">Dossi, Dosso (= Giovanni de Lutero) und Dossi, Battista</subfield>
   <subfield code="k">Kunstgeschichte</subfield>
   <subfield code="k">Künstler-Monografien</subfield>
   <subfield code="k">Alphabetische Künstlerliste</subfield>
   <subfield code="k">Künstler D</subfield>
   <subfield code="k">Dossi, Dosso (= Giovanni de Lutero) und Dossi, Battista</subfield>
   <subfield code="0">(DE-627)1270642049</subfield>
   <subfield code="0">(DE-625)rvk/95897:</subfield>
   <subfield code="0">(DE-576)200642049</subfield>
  </datafield>
  <datafield tag="951" ind1=" " ind2=" ">
   <subfield code="a">MC</subfield>
  </datafield>
  <datafield tag="990" ind1=" " ind2=" ">
   <subfield code="a">Dossi, Dosso</subfield>
  </datafield>
  <datafield tag="990" ind1=" " ind2=" ">
   <subfield code="a">Ferrara</subfield>
  </datafield>
  <datafield tag="990" ind1=" " ind2=" ">
   <subfield code="a">Malerei</subfield>
  </datafield>
  <datafield tag="990" ind1=" " ind2=" ">
   <subfield code="a">Geschichte 1497-1548</subfield>
  </datafield>
  <datafield tag="991" ind1=" " ind2=" ">
   <subfield code="a">Rezensiertes Werk</subfield>
  </datafield>
  <datafield tag="999" ind1=" " ind2=" ">
   <subfield code="a">KXP-PPN111620200X</subfield>
   <subfield code="e">4252457777</subfield>
  </datafield>
 </record>
</collection>
